000 05033nam a2200289 a 4500
001 000008964
003 DO-SdBNP
005 20240412074208.0
007 ta
008 090922s1969 dr r 000 p spa d
040 _aDO-SdBNP
_bspa
_cBNPHU
082 4 _aRD861.08
_bC762p
_222
100 1 _aContín Aybar, Pedro René,
_d1907-1981
_923565
245 1 0 _aPoesía dominicana /
_cPedro René Contín Aybar.
260 _aSanto Domingo :
_bCaribe,
_c1969.
300 _a211 p. ;
_c19 cm.
490 1 _aPensamiento dominicano
505 0 _aPoesía dominicana --
_gPoetas dominicanos nacidos entre 1845-1900 --
_tEl amor de Magdalena (Croquis bíblico) ;
_tEl junco verde ;
_tLa vuelta del hogar ;
_tSímbolo /
_rJosé Joaquín Pérez --
_tLa llegada del invierno ;
_tRuinas /
_rSalome Ureña de Henríquez --
_tEl anjelus ;
_tLa canción del ávaro ;
_tLa escena del café Martin ;
_tLejanía ;
_tNever More /
_rEnrique Henríquez --
_tAngustias ;
_tDe luto ;
_tEn el botado /
_rGaston F. Deligne --
_tA Mercedes Alfau ;
_tA ti ;
_tEn el cementerio /
_rArturo B. Pellerano Castro (Byron) --
_tCon mi sonrisa plácida ;
_tEn el atrio ;
_tEsquiva ;
_tFor ever ;
_tGólgola Rosa ;
_tMisterio ;
_tNoche buena (Cantares de la ausencia) ;
_tPierrot ;
_tPlenilunio /
_rFabio Fiallo --
_tCantemos al Señor ;
_tDe Pordiosero ;
_tEn donde brillas ;
_tInteresada ofrenda ;
_tRecreamiento /
_rAndrejulio Albar --
_tTimpano de la montaña ;
_tVisión lunar /
_rVigil Diaz --
_tCampesina ;
_tCriolla /
_rRafael Damiron --
_tAlma ;
_tEnsueño ;
_tVirginea /
_rValentín Giró --
_tCampanas de la tarde ;
_tOh! Tardes adorables ;
_tPareces una tarde ;
_tSímbolo ;
_tSerenamente gris /
_rFederico Bermúdez --
_tNocturno pequeño /
_rOsvaldo Bazil --
_tAria de otoño ;
_tElegía blanca ;
_tPax (En las ruinas de San Francisco) /
_rVictor Garrido --
_tBoda de ruiseñores ;
_tMis dos madres muertas /
_rR. Emilio Jiménez --
_tSan Francisco de Asis entre los pájaros ;
_tAquel lucero blanco /
_rEmilio A. Morel --
_tAmo y odio a la vez tu albo sombrero ;
_tCanción de amor /
_rApolinar Perdomo --
_tA San Francisco de Asís ;
_tAsno, paciente asno ;
_tLa excusa /
_rEnrique Aguiar --
_tOda de un yo /
_rR. Pérez Alfonseca --
_tA mi hija ;
_tEl poema de la hija reintegrada ;
_tAgonía ;
_tLos últimos canjilones de la primavera ;
_tMaestra ;
_tSiesta ;
_tVersos de amor y misterio /
_rDomingo Moreno Jimenes --
_tA mi bastón ;
_tIntimismo /
_rVirgilio Díaz Ordoñez --
_tOración a la madre ida ;
_tRutas nocturnas /
_rManuel LLanes --
505 0 _aCanción de cuna ;
_tDiez doncellas ;
_tEl hurto ;
_tLa jornada ;
_tVa cantando /
_rRafael Américo Henríquez --
_tHora de estudio /
_rJ. Furcy Pichardo --
_gParéntesis femenino :
_tMi vaso verde /
_rAltagracia Saviñón --
_tRoja tinaja generosa /
_rAmada Nivar de Pittaluga --
_tEncuentro ;
_tNada ;
_tReencarnación ;
_tVoz errante /
_rDelia Weber --
_tComo la espiga ; Junto a la corriente ;
_tLa carga ;
_tLlueve ;
_tViento ;
_tYa en tus redes /
_rMartha María Lamarche --
_tAqui me tienes tú ;
_tDarse ;
_tMi risa ;
_tUna tarde sin sol en tu cabaña /
_rCarmen Natalia --
_gPoetas nacidos del siglo XX :
_tMotivos de Pierrot ;
_tPorque vino de ti /
_rArmando Oscar Pacheco --
_tA una casita ;
_tA una tinaja ;
_tLa piedra ;
_tOtoño /
_rLucas Pichardo --
_tContigo ;
_tProyecto ;
_tSalutación a Pancho Alegría ;
_tCapitán de goleta /
_rTomás Hernández Franco --
_tCanción de la niña que iba sola ;
_tCanción de los ojos que se fueron ;
_tElegía por la muerte de Tomás Sandoval ;
_tSin mundo ya y herido por el cielo ;
_tImploración ;
_tTema ;
_tPresagio ;
_tPrimera variación ;
_tSegunda variación ;
_tTercera variación ;
_tConclusión /
_rFranklin Mieses Burgos --
_tA Concho Primo ;
_tAcordeón ;
_tAcuarela ;
_tLa calle del terruño ;
_tMulata ;
_tPiedra y sol ;
_tSinfonía negra ;
_tTierra familiar ;
_tTierra nueva /
_rManuel Cabral --
_tLlanto por la hermanita que murió a los catorce años ;
_tSigno melancólico /
_rPedro María Cruz --
_tAcordeón ;
_tCon viejas cuentas ;
_tFramboyán ;
_tSi no fuera por Taita /
_rTomás Morel --
_tCompañera ;
_tEl hospedaje ;
_tLa promesa a la madre ;
_tTu antojo /
_rGladio Hidalgo --
_tCanto triste a la patria bien amada ;
_tInvitación a los de arriba ;
_tRetorno al hombre ;
_tSecreto /
_rHéctot Incháustegui Cabral --
_tAbujia ;
_tAlegría de la mañana blanca ;
_tPour toi /
_rPedro Mir --
_tAlba escrita en la tarde ;
_tCuatro poemas y una sola intención ;
_tEstrofas de pueblo para muchacha de campo ;
505 0 _tEstrofas de campo para muchacha de campo ;
_tEstrofas de campo para muchacha de pueblo ;
_tEstrofas de pueblo para muchacha de pueblo ;
_tPalabras de niebla en presente de olvido ;
_tSoneto de yodo y sal /
_rRubén Suro
_tGrave ;
_tViejo negro del puerto ;
_tYo que no he visto nunca (Leyendo verdadero) /
_rFco. Domínguez Charro --
_tCanción --
_tCanción --
_tCanción --
_tCanción /
_rMariano Lebrón Saviñón
590 _aInventariado, 2018/BT
650 4 _aPoesía dominicana
_vColecciones
_97120
650 0 _aLiteratura dominicana.
_vColecciones
_967
830 0 _aPensamiento dominicano
_919047
910 _aValidado. Control de calidad. MMOLINA
942 _2ddc
_cLBS1
999 _c8728
_d8728